00461nam a22001457a 450000500170000000800410001702000150005804100120007308200120008510000120009724501000010926000560020930000250026565000250029020240809132720.0240809b |||||||| |||| 00| 0 eng d a0409016845 aEnglish a349 SOU lEnglish aIndex and Noter-Up to the All South African Law Reports and South African Law Reports 1996-1998 aDurban: bButterworths Publishers (Pty) Ltd, c1998 b689 pages; c25 cm.  aLegal practice bLaw